[Event "Chess Week in Przeworsk"]
[Site "Przeworsk"]
[Date "2022.06.05"]
[Round "9.2"]
[White "Teclaf, Pawel"]
[Black "Baum, Jonasz"]
[Result "1-0"]
[BlackElo "2409"]
[WhiteElo "2537"]
[LiveChessVersion "1.4.8"]

1. c4 {[%clk 1:30:57]} e6 {[%clk 1:27:58]} 2. Nf3 {[%clk 1:31:11]} d5
{[%clk 1:27:53]} 3. e3 {[%clk 1:31:36]} Nf6 {[%clk 1:27:21]} 4. Nc3
{[%clk 1:32:01]} Be7 {[%clk 1:25:50]} 5. b3 {[%clk 1:31:41]} O-O {[%clk 1:25:53]}
6. Bb2 {[%clk 1:32:05]} c5 {[%clk 1:26:12]} 7. cxd5 {[%clk 1:32:01]} exd5
{[%clk 1:26:28]} 8. d4 {[%clk 1:31:14]} Nc6 {[%clk 1:25:28]} 9. Be2
{[%clk 1:24:02]} Be6 {[%clk 1:21:42]} 10. O-O {[%clk 1:23:16]} Rc8
{[%clk 1:18:59]} 11. Rc1 {[%clk 1:11:01]} cxd4 {[%clk 1:07:47]} 12. Nxd4
{[%clk 1:10:52]} Bd6 {[%clk 1:05:48]} 13. Qd3 {[%clk 0:46:23]} Bb8
{[%clk 1:00:52]} 14. g3 {[%clk 0:38:25]} Bh3 {[%clk 0:53:34]} 15. Rfd1
{[%clk 0:37:42]} Qe7 {[%clk 0:53:31]} 16. Nxc6 {[%clk 0:34:23]} bxc6
{[%clk 0:53:06]} 17. Qd4 {[%clk 0:34:31]} Rfd8 {[%clk 0:45:01]} 18. Na4
{[%clk 0:33:10]} Bd6 {[%clk 0:38:02]} 19. Qh4 {[%clk 0:28:57]} Bf5
{[%clk 0:35:17]} 20. Bxf6 {[%clk 0:28:14]} Qxf6 {[%clk 0:34:36]} 21. Qxf6
{[%clk 0:28:33]} gxf6 {[%clk 0:35:05]} 22. Nc5 {[%clk 0:28:23]} Be5
{[%clk 0:29:07]} 23. Rd2 {[%clk 0:28:13]} Rb8 {[%clk 0:28:54]} 24. Kg2
{[%clk 0:24:45]} Kf8 {[%clk 0:28:00]} 25. Bd3 {[%clk 0:23:57]} Bxd3
{[%clk 0:27:15]} 26. Nxd3 {[%clk 0:23:49]} Rb6 {[%clk 0:26:05]} 27. Rdc2
{[%clk 0:23:39]} Rc8 {[%clk 0:26:28]} 28. Rc5 {[%clk 0:23:06]} Rc7
{[%clk 0:23:35]} 29. Nxe5 {[%clk 0:21:46]} fxe5 {[%clk 0:24:04]} 30. Rxd5
{[%clk 0:22:13]} f6 {[%clk 0:20:03]} 31. Rdc5 {[%clk 0:19:58]} Ke7
{[%clk 0:20:15]} 32. Kf3 {[%clk 0:19:57]} Kd6 {[%clk 0:19:53]} 33. Ke4
{[%clk 0:18:23]} f5+ {[%clk 0:19:15]} 34. Kf3 {[%clk 0:13:42]} Ra6
{[%clk 0:17:28]} 35. R5c2 {[%clk 0:14:02]} Ra5 {[%clk 0:16:36]} 36. e4
{[%clk 0:09:46]} fxe4+ {[%clk 0:16:45]} 37. Kxe4 {[%clk 0:09:55]} Rd5
{[%clk 0:17:11]} 38. Ke3 {[%clk 0:08:58]} a5 {[%clk 0:15:56]} 39. Rd2
{[%clk 0:00:53]} Rf7 {[%clk 0:15:08]} 40. Rcc2 {[%clk 0:30:39]} Rf8
{[%clk 0:40:06]} 41. Ke4 {[%clk 0:25:56]} Rd8 {[%clk 0:39:37]} 42. Rd3
{[%clk 0:22:50]} Rd7 {[%clk 0:37:01]} 43. Rc4 {[%clk 0:21:37]} Ke7
{[%clk 0:34:31]} 44. Rdc3 {[%clk 0:19:12]} Rd2 {[%clk 0:30:13]} 45. Rc2
{[%clk 0:19:31]} Kf6 {[%clk 0:28:16]} 46. Rxc6+ {[%clk 0:19:32]} Kg5
{[%clk 0:28:46]} 47. h3 {[%clk 0:15:34]} h5 {[%clk 0:28:30]} 48. f4+
{[%clk 0:15:11]} exf4 {[%clk 0:28:51]} 49. R2c5+ {[%clk 0:15:38]} R7d5
{[%clk 0:29:01]} 50. Rxd5+ {[%clk 0:16:04]} Rxd5 {[%clk 0:29:27]} 51. gxf4+
{[%clk 0:16:30]} 1-0

[Event "Chess Week in Przeworsk"]
[Site "Przeworsk"]
[Date "2022.06.05"]
[Round "9.3"]
[White "Fus, Jakub"]
[Black "Licznerski, Lukasz"]
[Result "1/2-1/2"]
[BlackElo "2439"]
[WhiteElo "2378"]
[LiveChessVersion "1.4.8"]

1. e4 {[%clk 1:29:28]} c6 {[%clk 1:30:50]} 2. d4 {[%clk 1:29:40]} d5
{[%clk 1:31:18]} 3. exd5 {[%clk 1:30:01]} cxd5 {[%clk 1:31:42]} 4. Bd3
{[%clk 1:30:25]} Nc6 {[%clk 1:30:53]} 5. c3 {[%clk 1:29:49]} Nf6 {[%clk 1:31:19]}
6. h3 {[%clk 1:30:01]} g6 {[%clk 1:31:48]} 7. Nf3 {[%clk 1:30:14]} Bf5
{[%clk 1:32:16]} 8. O-O {[%clk 1:28:37]} Bxd3 {[%clk 1:31:27]} 9. Qxd3
{[%clk 1:29:00]} Bg7 {[%clk 1:30:19]} 10. Bf4 {[%clk 1:28:55]} Ne4
{[%clk 1:29:52]} 11. Nbd2 {[%clk 1:25:46]} Nxd2 {[%clk 1:28:44]} 12. Nxd2
{[%clk 1:18:43]} O-O {[%clk 1:29:10]} 13. Qb5 {[%clk 1:18:00]} Qd7
{[%clk 1:22:07]} 14. Nb3 {[%clk 1:17:09]} Ne5 {[%clk 1:07:10]} 15. a4
{[%clk 0:52:44]} Qxb5 {[%clk 1:07:23]} 16. axb5 {[%clk 0:53:08]} Nd3
{[%clk 1:07:28]} 17. Bc1 {[%clk 0:52:53]} a6 {[%clk 1:07:19]} 18. Ra5
{[%clk 0:46:23]} b6 {[%clk 1:04:25]} 19. Rxa6 {[%clk 0:46:41]} Rxa6
{[%clk 1:04:53]} 20. bxa6 {[%clk 0:47:03]} Ra8 {[%clk 1:05:21]} 21. Rd1
{[%clk 0:46:33]} Nxc1 {[%clk 1:05:48]} 22. Nxc1 {[%clk 0:46:45]} Rxa6
{[%clk 1:06:13]} 23. Nd3 {[%clk 0:47:09]} e6 {[%clk 1:02:47]} 24. f4
{[%clk 0:47:23]} Bf8 {[%clk 1:01:57]} 25. Kf2 {[%clk 0:45:40]} h6
{[%clk 1:01:55]} 26. Ke3 {[%clk 0:45:24]} g5 {[%clk 1:00:48]} 27. g3
{[%clk 0:41:27]} Bd6 {[%clk 1:01:10]} 28. h4 {[%clk 0:37:28]} Kg7
{[%clk 0:33:46]} 29. hxg5 {[%clk 0:37:21]} hxg5 {[%clk 0:32:37]} 30. Rh1
{[%clk 0:34:01]} Ra8 {[%clk 0:32:34]} 31. Kf3 {[%clk 0:33:14]} Kg6
{[%clk 0:28:45]} 32. Kg4 {[%clk 0:25:54]} gxf4 {[%clk 0:24:22]} 33. gxf4
{[%clk 0:26:12]} b5 {[%clk 0:22:32]} 34. Kf3 {[%clk 0:13:18]} b4 {[%clk 0:17:55]}
35. cxb4 {[%clk 0:12:30]} Rb8 {[%clk 0:17:36]} 36. Ra1 {[%clk 0:11:29]} Kf5
{[%clk 0:16:25]} 37. Rh1 {[%clk 0:03:58]} f6 {[%clk 0:15:20]} 38. Rh5+
{[%clk 0:01:58]} Kg6 {[%clk 0:15:49]} 39. Rh2 {[%clk 0:02:16]} Bxb4
{[%clk 0:16:07]} 40. Kg4 {[%clk 0:31:54]} Bd6 {[%clk 0:42:21]} 41. Re2
{[%clk 0:25:29]} Kf7 {[%clk 0:42:08]} 42. Rc2 {[%clk 0:23:58]} Ra8
{[%clk 0:39:47]} 43. Rc6 {[%clk 0:22:38]} Ke7 {[%clk 0:39:40]} 44. Kf3
{[%clk 0:19:14]} Rh8 {[%clk 0:38:34]} 45. Ra6 {[%clk 0:17:53]} Rh3+
{[%clk 0:38:06]} 46. Ke2 {[%clk 0:18:16]} Kd7 {[%clk 0:37:41]} 47. Ra7+
{[%clk 0:18:17]} Kc6 {[%clk 0:38:01]} 48. Ra6+ {[%clk 0:17:53]} Kc7
{[%clk 0:38:29]} 49. Nc5 {[%clk 0:16:21]} e5 {[%clk 0:31:52]} 50. Ne6+
{[%clk 0:16:05]} Kd7 {[%clk 0:32:17]} 51. fxe5 {[%clk 0:16:27]} fxe5
{[%clk 0:32:31]} 52. dxe5 {[%clk 0:16:48]} Bxe5 {[%clk 0:31:53]} 53. Nc5+
{[%clk 0:17:10]} Kc7 {[%clk 0:31:56]} 54. b4 {[%clk 0:17:11]} 1/2-1/2